Mistrzowie League One (2005-2024) - Statystyki

Ogólne statystyki
  • Ten quiz został rozwiązany 98 razy
    13 od ostatniego zresetowania
  • Średni wynik to 5 z 20
Statystyki odpowiedzi
Sezon Klub % Poprawnych
2008/09 Leicester City
55%
2023/24 Portsmouth
45%
2022/23 Plymouth Argyle
36%
2016/17 Sheffield United
36%
2015/16 Wigan Athletic
36%
2017/18 Wigan Athletic
36%
2021/22 Wigan Athletic
36%
2014/15 Bristol City
27%
2004/05 Luton Town
27%
2018/19 Luton Town
27%
2009/10 Norwich City
27%
2011/12 Charlton Athletic
18%
2019/20 Coventry City
18%
2020/21 Hull City
18%
2007/08 Swansea City
18%
2013/14 Wolverhampton Wanderers
18%
2010/11 Brighton & Hove Albion
9%
2012/13 Doncaster Rovers
0%
2006/07 Scunthorpe United
0%
2005/06 Southend United
0%
Nie znaleziono quizów pasujących do podanych kryteriów
Rozkład punktacji
Procent ludzi z każdym wynikiem
Percentyl według liczby udzielonych odpowiedzi
Twoja historia wyników
Nie rozwiązałeś tego quizu od ostatniego zresetowania